[Event "Liptovsky Jan Slovak op U2200"]
[Site "Liptovsky Jan"]
[Date "2021.06.18"]
[Round "3"]
[White "Jurgos, Samuel"]
[Black "Mosny, Jaroslav"]
[Result "0-1"]
[WhiteElo "1614"]
[BlackElo "1880"]
[PlyCount "46"]
[EventDate "2021.06.17"]
[EventType "swiss"]
[EventRounds "7"]
[EventCountry "SVK"]
[SourceTitle "CBM 203 Extra"]
[Source "ChessBase"]
[SourceDate "2021.09.30"]
[SourceVersion "1"]
[SourceVersionDate "2021.09.30"]
[SourceQuality "1"]

1. d4 Nf6 2. Bf4 c5 3. c3 e6 4. e3 Be7 5. Nf3 0-0 6. Nbd2 b6 7. Bd3 d5 8. Ne5 Bb7 9. h3 Nbd7 10. Qc2 Rc8 11. g4 g6 12. Ndf3 Ne4 13. h4 c4 14. Nxd7 cxd3 15. Qxd3 Qxd7 16. Ne5 Qa4 17. f3 Nd6 18. h5 g5 19. Bxg5 Bxg5 20. f4 Bf6 21. g5 Bxe5 22. g6 Bf6 23. Rg1 Ne4 0-1

[Event "SVK-ch U12"]
[Site "Tatralandia"]
[Date "2015.04.25"]
[Round "9"]
[White "Jurgos, Samuel"]
[Black "Kovalik, Jakub"]
[Result "0-1"]
[WhiteElo "1000"]
[BlackElo "1343"]
[PlyCount "50"]
[EventDate "2015.04.18"]
[EventType "swiss"]
[EventRounds "9"]
[EventCountry "SVK"]
[SourceTitle "CBM 166 Extra"]
[Source "ChessBase"]
[SourceDate "2015.06.18"]
[SourceVersion "1"]
[SourceVersionDate "2015.06.18"]
[SourceQuality "1"]

1. e4 e5 2. Nf3 Nc6 3. Bb5 Bc5 4. Bxc6 dxc6 5. h3 Be6 6. 0-0 Qf6 7. d3 h6 8. Nc3 Ne7 9. Qe2 g5 10. Nh2 Qg6 11. Ng4 Bd6 12. Nd1 h5 13. Nh2 g4 14. hxg4 hxg4 15. f3 g3 16. Nf2 gxh2+ 17. Kh1 0-0-0 18. Ng4 f5 19. Nxh2 Qh5 20. g3 Kb8 21. Be3 Rdg8 22. g4 fxg4 23. fxg4 Bxg4 24. Qf2 Bf3+ 25. Qxf3 Qxh2# 0-1

[Event "SVK-ch U12"]
[Site "Tatralandia"]
[Date "2015.04.19"]
[Round "2"]
[White "Jurgos, Samuel"]
[Black "Lukac, Jakub"]
[Result "0-1"]
[WhiteElo "1000"]
[BlackElo "1231"]
[PlyCount "74"]
[EventDate "2015.04.18"]
[EventType "swiss"]
[EventRounds "9"]
[EventCountry "SVK"]
[SourceTitle "CBM 166 Extra"]
[Source "ChessBase"]
[SourceDate "2015.06.18"]
[SourceVersion "1"]
[SourceVersionDate "2015.06.18"]
[SourceQuality "1"]

1. e4 e5 2. Nf3 Nc6 3. Bb5 d6 4. Bxc6+ bxc6 5. 0-0 Bg4 6. Nc3 Nf6 7. d3 h6 8. h3 Bh5 9. Be3 Be7 10. b4 0-0 11. a4 d5 12. a5 d4 13. Bd2 dxc3 14. Bxc3 Bd6 15. Ra4 Qe8 16. Bb2 c5 17. bxc5 Qxa4 18. cxd6 cxd6 19. g4 Bg6 20. Nh4 Qxa5 21. Nxg6 fxg6 22. Ba3 Qxa3 23. f3 Qc5+ 24. Kh1 Rfd8 25. c4 a5 26. Qb1 a4 27. Rf2 Qxf2 28. Qg1 Qxg1+ 29. Kxg1 a3 30. Kg2 a2 31. Kg3 g5 32. h4 a1Q 33. hxg5 hxg5 34. c5 Qe1+ 35. Kh3 Qh4+ 36. Kg2 Ra2+ 37. Kg1 Qe1# 0-1